[Event "5. Lovsprings EMT Mesterklassen"]
[Site "Ringsted"]
[Date "1993.05.14"]
[Round "6"]
[White "Christensen, John"]
[Black "Mott, Jens"]
[Result "1-0"]
[WhiteElo "2056"]
[BlackElo "1880"]
[PlyCount "79"]
[EventDate "1993.??.??"]

1. Nf3 g6 2. e4 Bg7 3. Bc4 e6 4. O-O Ne7 5. d4 d5 6. exd5 exd5 7. Bb3 O-O 8.
Re1 Nbc6 9. Bg5 f6 10. Bh4 Nf5 11. Nc3 Nce7 12. Qd3 c6 13. Rad1 b5 14. a3 a5
15. Bg3 Nxg3 16. fxg3 Ra7 17. Ne2 Bh6 18. Nf4 Qd6 19. Qd2 g5 20. Nd3 Kg7 21.
Qf2 Ng6 22. Nc5 Re7 23. Rxe7+ Nxe7 24. Re1 a4 25. Ba2 Bf5 26. Bb1 Re8 27. h3
Kg8 28. g4 Bc8 29. c3 Bg7 30. g3 Rf8 31. Kg2 f5 32. Qc2 h6 33. Ne5 Rf6 34. h4
gxh4 35. gxh4 fxg4 36. Qh7+ Kf8 37. h5 Nf5 38. Kh1 g3 39. Rg1 g2+ 40. Rxg2 1-0

[Event "5. Lovsprings EMT Mesterklassen"]
[Site "Ringsted"]
[Date "1993.05.14"]
[Round "6"]
[White "Lynge, Michael"]
[Black "Nielsen, Max"]
[Result "1/2-1/2"]
[WhiteElo "2085"]
[BlackElo "2100"]
[PlyCount "42"]
[EventDate "1993.??.??"]

1. d4 Nf6 2. c4 g6 3. Nc3 Bg7 4. e4 d6 5. f4 O-O 6. Nf3 Na6 7. Bd3 Bg4 8. h3
Bxf3 9. Qxf3 Nd7 10. Ne2 e5 11. fxe5 dxe5 12. d5 f5 13. exf5 e4 14. Bxe4 gxf5
15. Bxf5 Ne5 16. Qh5 Rxf5 17. Qxf5 Qh4+ 18. g3 Qxc4 19. Qe6+ Kh8 20. Bh6 Nd3+
21. Kf1 Bxh6 1/2-1/2

[Event "5. Lovsprings EMT Mesterklassen"]
[Site "Ringsted"]
[Date "1993.05.16"]
[Round "7"]
[White "Elgaard, Brian"]
[Black "Jorgensen, Brian"]
[Result "0-1"]
[WhiteElo "2166"]
[BlackElo "2272"]
[PlyCount "66"]
[EventDate "1993.??.??"]

1. c4 e6 2. Nc3 d5 3. cxd5 exd5 4. d4 Nf6 5. Nf3 c5 6. g3 Nc6 7. Bg2 Be7 8. O-O
O-O 9. Bg5 cxd4 10. Nxd4 h6 11. Bf4 Bg4 12. h3 Bh5 13. Rc1 Rc8 14. Nf5 Bg6 15.
Nxe7+ Nxe7 16. Qa4 Qb6 17. Qa3 Rfe8 18. Be3 Qe6 19. Rcd1 Ne4 20. Nb5 Nf5 21.
Bf4 Qb6 22. Rxd5 Nxf2 23. Rxf2 Rxe2 24. Nd4 Rxf2 25. Kxf2 Nxd4 26. Be3 Rc2+ 27.
Kg1 Rxg2+ 28. Kxg2 Be4+ 29. Kf2 Qf6+ 30. Bf4 Bxd5 31. Qc5 Bc6 32. Qxa7 g5 33.
Qb8+ Kg7 0-1

[Event "5. Lovsprings EMT Mesterklassen"]
[Site "Ringsted"]
[Date "1993.05.16"]
[Round "7"]
[White "Pedersen, Hans Dahl"]
[Black "Lynge, Michael"]
[Result "1-0"]
[WhiteElo "2183"]
[BlackElo "2085"]
[PlyCount "139"]
[EventDate "1993.??.??"]

1. Nf3 Nf6 2. g3 g6 3. Bg2 Bg7 4. O-O O-O 5. c4 d5 6. d4 c6 7. Nc3 dxc4 8. e3
Bg4 9. h3 Bxf3 10. Qxf3 Nbd7 11. a4 Qa5 12. Qe2 e5 13. Qxc4 exd4 14. exd4 Rfe8
15. b4 Qf5 16. b5 Nb6 17. Qb3 Nbd5 18. bxc6 bxc6 19. Nd1 Rac8 20. Ba3 Ne4 21.
Ne3 Qe6 22. Nxd5 cxd5 23. Rad1 Nc3 24. Rd3 Ne2+ 25. Kh2 Nxd4 26. Qd1 Qb6 27.
Bxd5 Rcd8 28. Bg2 Nf5 29. Rxd8 Rxd8 30. Qc2 h5 31. Be4 Qa5 32. Bc1 Nd4 33. Qc4
Nf5 34. Bf4 Nd6 35. Qd5 Qxd5 36. Bxd5 Ne8 37. Rd1 Bf6 38. Be3 Nc7 39. Bf3 Rxd1
40. Bxd1 a6 41. Be2 Be5 42. Bc5 Bc3 43. Bc4 a5 44. Kg2 Kg7 45. Kf3 Kf6 46. Ke4
Ne6 47. Bb6 Ng5+ 48. Kd3 Bb4 49. Bd8+ Kf5 50. Ba6 Ne6 51. Bc8 Ke5 52. Bxe6 fxe6
53. Kc4 Be1 54. Kb5 Ke4 55. Bxa5 Bxf2 56. Bc7 e5 57. a5 Kf3 58. Bxe5 Bxg3 59.
Bxg3 Kxg3 60. a6 Kxh3 61. a7 g5 62. a8=Q Kg3 63. Qa3+ Kg4 64. Qb4+ Kf3 65. Qc3+
Kf4 66. Qd2+ Kg4 67. Qg2+ Kf4 68. Qh3 g4 69. Qxh5 g3 70. Qh1 1-0

[Event "5. Lovsprings EMT Mesterklassen"]
[Site "Ringsted"]
[Date "1993.05.16"]
[Round "7"]
[White "Hansen, Hans Henrik"]
[Black "Nielsen, Per Henrik Axel"]
[Result "1-0"]
[WhiteElo "2109"]
[BlackElo "2004"]
[PlyCount "128"]
[EventDate "1993.??.??"]

1. e4 c6 2. d4 d5 3. Nd2 Nf6 4. e5 Ng8 5. Bd3 b6 6. Ngf3 e6 7. O-O Ba6 8. c4 g6
9. b3 h5 10. Re1 Nh6 11. Nf1 Nf5 12. Bg5 Be7 13. Bxe7 Qxe7 14. Rc1 dxc4 15.
bxc4 h4 16. h3 Bb7 17. Ne3 Nd7 18. Be4 Rc8 19. Qd2 Kf8 20. Rcd1 Kg7 21. Qb2 Kh7
22. d5 Nxe3 23. Rxe3 cxd5 24. cxd5 exd5 25. Bxd5 Bxd5 26. Rxd5 Rc5 27. Rd4 Kg8
28. Rg4 Nf8 29. Ng5 Rh5 30. Nf3 Ne6 31. Qd2 Qc7 32. Qd3 Rc1+ 33. Kh2 Rc2 34.
Re2 Rc3 35. Qe4 b5 36. Rb2 a6 37. Rxh4 Rc4 38. Qa8+ Kg7 39. Rxh5 gxh5 40. Qxa6
Re4 41. Qxb5 Qc1 42. Rd2 Re1 43. Nxe1 Qxd2 44. Nd3 Nf4 45. Nxf4 Qxf4+ 46. Kg1
Qc1+ 47. Qf1 Qa3 48. Qe2 Kf8 49. Kh2 h4 50. Qc4 Qb2 51. Qc5+ Kg7 52. a4 Qd2 53.
Qe3 Qd8 54. Qf4 Qa5 55. Qxh4 Kf8 56. Qf4 Qd5 57. g3 Qa2 58. h4 Qe2 59. g4 Qa6
60. h5 Qe6 61. g5 Kg8 62. h6 Qg6 63. Qf6 Qh5+ 64. Kg3 Qg4+ 1-0

[Event "5. Lovsprings EMT Mesterklassen"]
[Site "Ringsted"]
[Date "1993.05.16"]
[Round "7"]
[White "Madsen, Hans Henrik"]
[Black "Arnkilde, Anders"]
[Result "1-0"]
[WhiteElo "2057"]
[BlackElo "1954"]
[PlyCount "97"]
[EventDate "1993.??.??"]

1. Nf3 d5 2. g3 c5 3. c4 e6 4. Bg2 Nc6 5. O-O Nf6 6. cxd5 exd5 7. d4 cxd4 8.
Nxd4 Qb6 9. Nb3 Be6 10. Be3 Qc7 11. Nc3 Bb4 12. Nb5 Qd8 13. a3 Be7 14. N5d4 O-O
15. Nxc6 bxc6 16. Rc1 Qd7 17. Nc5 Bxc5 18. Rxc5 Bh3 19. Qa4 Rfc8 20. Rd1 Bxg2
21. Kxg2 Qb7 22. Rc2 d4 23. Bd2 c5+ 24. Kg1 Nd5 25. Rdc1 Nb6 26. Qb3 Qe7 27.
Qf3 h6 28. Ba5 Rab8 29. b4 cxb4 30. Bxb4 Rxc2 31. Rxc2 Qe5 32. Rc5 Qe6 33. Rc6
Qa2 34. Rc7 Re8 35. Rxa7 Rxe2 36. Rb7 Na4 37. Rb8+ Kh7 38. Qf5+ g6 39. Qf6 Qb1+
40. Kg2 Qe4+ 41. Kf1 Qb1+ 42. Kxe2 d3+ 43. Kf3 Qh1+ 44. Ke3 Qc1+ 45. Bd2 Qc5+
46. Qd4 Qg5+ 47. Kxd3 Qf5+ 48. Ke2 Qh5+ 49. g4 1-0

[Event "5. Lovsprings EMT Mesterklassen"]
[Site "Ringsted"]
[Date "1993.05.16"]
[Round "7"]
[White "Mott, Jens"]
[Black "Hald, Jens Erik"]
[Result "0-1"]
[WhiteElo "1880"]
[BlackElo "2143"]
[PlyCount "82"]
[EventDate "1993.??.??"]

1. d4 Nf6 2. c4 g6 3. Nc3 Bg7 4. Nf3 d6 5. e4 O-O 6. Be2 Nbd7 7. O-O e5 8. Bg5
h6 9. Bh4 c6 10. dxe5 dxe5 11. b4 g5 12. Bg3 Nh5 13. Rb1 Nf4 14. Qc2 Re8 15.
Rfd1 Qe7 16. Rd2 Nf8 17. Bf1 Bg4 18. Ne1 N8e6 19. f3 Nd4 20. Qb2 Be6 21. Bf2
Rad8 22. Nd1 Rd7 23. Ne3 Red8 24. Rbd1 h5 25. Kh1 g4 26. fxg4 hxg4 27. g3 Nh3
28. c5 Bh6 29. Rd3 Qf6 30. Bxh3 gxh3 31. Bg1 Qg6 32. Nf5 Nxf5 33. Rxd7 Rxd7 34.
Rxd7 Bxd7 35. Qxe5 Ng7 36. a3 Ne6 37. Nf3 Ng5 38. Bd4 f6 39. Qb8+ Qe8 40. Qf4
Qxe4 41. Qb8+ Bf8 0-1

[Event "5. Lovsprings EMT Mesterklassen"]
[Site "Ringsted"]
[Date "1993.05.16"]
[Round "7"]
[White "Sivertsen, Palle"]
[Black "Nielsen, Max"]
[Result "1/2-1/2"]
[WhiteElo "2080"]
[BlackElo "2100"]
[PlyCount "38"]
[EventDate "1993.??.??"]

1. e4 e5 2. Nf3 Nc6 3. Bb5 f5 4. d4 fxe4 5. Nxe5 Nxe5 6. dxe5 c6 7. Be2 Qa5+ 8.
Bd2 Qxe5 9. Bh5+ Kd8 10. Bc3 Qg5 11. O-O d5 12. f4 Bc5+ 13. Kh1 Qe7 14. Be5 Nf6
15. Be2 Be6 16. c4 Ke8 17. Nc3 Rd8 18. Bxf6 Qxf6 19. Qb3 Qe7 1/2-1/2

[Event "5. Lovsprings EMT Mesterklassen"]
[Site "Ringsted"]
[Date "1993.05.16"]
[Round "7"]
[White "Rasmussen, Per Arnt"]
[Black "Christensen, Lars (1957)"]
[Result "0-1"]
[WhiteElo "2036"]
[BlackElo "2104"]
[PlyCount "140"]
[EventDate "1993.??.??"]

1. e4 c5 2. Nc3 Nc6 3. Nf3 d6 4. d4 cxd4 5. Nxd4 g6 6. Be2 Bg7 7. Nb3 Nf6 8.
O-O O-O 9. Kh1 a5 10. a4 Be6 11. Bg5 Nb4 12. Nd4 Rc8 13. Nxe6 fxe6 14. f3 Nd7
15. Bb5 Nb6 16. Bd2 Nc4 17. Bxc4 Rxc4 18. Qe2 Qc8 19. Rac1 Qc6 20. Rfe1 Bd4 21.
Qf1 Rf7 22. Nb5 Bxb2 23. Rb1 Rxc2 24. Bxb4 axb4 25. Qd3 Qc5 26. Qb3 Be5 27. Rf1
Rc4 28. Rbd1 g5 29. Qd3 Rf6 30. g3 Rc2 31. f4 Rh6 32. Rd2 Rxd2 33. Qxd2 Qc4 34.
Qg2 Rf6 35. Re1 gxf4 36. gxf4+ Rg6 37. Qf3 Bc3 38. Rg1 Qa2 39. Rxg6+ hxg6 40.
Qf1 Qa1 41. Kg2 Qxf1+ 42. Kxf1 Bd2 43. f5 exf5 44. exf5 gxf5 45. Ke2 Bf4 46.
Nd4 Bxh2 47. Nxf5 Kf7 48. Kd3 Be5 49. Kc4 Ke6 50. Ne3 Bc3 51. Nd5 Kd7 52. a5 e6
53. Nf4 Bd2 54. Nd3 Kc6 55. Kb3 Kb5 56. Nb2 d5 57. Nd3 Bc3 58. Nf4 e5 59. Nxd5
Kxa5 60. Kc4 b5+ 61. Kb3 Ka6 62. Kc2 Kb7 63. Nf6 Kc6 64. Kd3 Bd4 65. Kc2 Kd6
66. Kb3 Bc3 67. Kc2 Ke6 68. Ne4 Kd5 69. Kd3 Bd4 70. Nf6+ Ke6 0-1

[Event "5. Lovsprings EMT Mesterklassen"]
[Site "Ringsted"]
[Date "1993.05.16"]
[Round "7"]
[White "Larsen, Bjorn"]
[Black "Buhl, Poul"]
[Result "0-1"]
[WhiteElo "1908"]
[BlackElo "2035"]
[PlyCount "76"]
[EventDate "1993.??.??"]

1. d4 g6 2. e4 Bg7 3. Nc3 d6 4. Be3 Nf6 5. f3 c6 6. Qd2 h5 7. O-O-O b5 8. Kb1
b4 9. Nce2 a5 10. Nc1 Qb6 11. Nge2 Na6 12. Nf4 Nc7 13. d5 c5 14. e5 dxe5 15.
Nfd3 Nfxd5 16. Nxc5 O-O 17. Bf2 Nc3+ 18. bxc3 bxc3+ 19. N5b3 cxd2 20. Bxb6 Nd5
21. Bxa5 Rxa5 22. Rxd2 Nc3+ 23. Kb2 Na4+ 24. Ka3 Ra7 25. Bb5 Nc3+ 26. Kb4 e4
27. a4 Nb1 28. Re2 exf3 29. gxf3 Bc3+ 30. Kc5 Be6 31. Kb6 Raa8 32. Bc6 Rab8+
33. Ka7 Bf6 34. Na2 Na3 35. Rhe1 Bxb3 36. cxb3 Bd4+ 37. Ka6 Rb6+ 38. Ka5 Rxc6
0-1